Normal view
MARC view
- McConkey, A .
Entry Personal Name
001 - CONTROL NUMBER
- control field: 3312
003 - CONTROL NUMBER IDENTIFIER
- control field: OSt
005 - DATE AND TIME OF LATEST TRANSACTION
- control field: 20180917144150.0
008 - FIXED-LENGTH DATA ELEMENTS
- fixed length control field: 180917|| aca||aabn | a|a d
040 ## - CATALOGING SOURCE
- Original cataloging agency: OSt
- Transcribing agency: OSt
100 ## - HEADING--PERSONAL NAME
- Personal name: McConkey, A .
670 ## - SOURCE DATA FOUND
- Source citation: Work cat.: (OSt)10559: Eastop, T.D. 3311, Applied thermodynamics for engineering technologists / , 1986.
